Statistics for Animals that are white

Click here to take the quiz!

General Stats

  • This quiz has been taken 117 times
  • The average score is 10 of 20

Answer Stats

HintAnswer% Correct
Mainly feeds on seals, stalking them on ice.Polar bear
97%
Who the "ugly ducking" turned out to be.Swan
94%
Marine birds that like our garbage.Seagull
87%
The first mammal to be successfully cloned.Dolly the sheep
76%
These birds have the largest bills.Pelican
69%
Famous fictional sperm whale.Moby dick
67%
The bird with the longest wingspan.Wandering albatross
66%
Might secretly live inside you; can grow to be longer than you.Tapeworm
56%
Social insects that build towering mounds.Termite
55%
This fish has an undeserved reputation as a ferocious man-eater.Great white shark
53%
All-white parrot relative; common in pet trade.White cockatoo
42%
Canid that hunts small animals in the Arctic tundra.Arctic fox
38%
Many of these hopping mammals change color in winter.Hare
38%
North American mammal that climbs cliffs like it's no thing.Mountain goat
36%
Marine mammal; shares name with a sturgeon species.Beluga whale
32%
These specially-bred mammals live and die for science.Laboratory rat
26%
Arctic bird known for its silent flight; hunts night and day.Snowy owl
25%
Popular pet salamander.Axolotl
14%
Northernmost primate species (besides humans).Japanese macaque
14%
Former's domestic woolly relative. Doomed to feel humid.Angora rabbit
4%

Score Distribution

Percentile by Number Answered

Percent of People with Each Score

Your Score History

You have not taken this quiz